Loading...
| Mythology | 4 | 1 | 0 | 0 | 70 | 20 | 71.00 | 2 | 4 | 0.00 | 0.00 |
| Science - Biology | 0 | 6 | 0 | 2 | 60 | 70 | 108.00 | 2 | 5 | 0.00 | 0.00 |
| Science - Other | 2 | 3 | 0 | 1 | 60 | 61 | 90.00 | 2 | 5 | 0.00 | 0.00 |
| History - World | 2 | 1 | 0 | 0 | 40 | 55 | 62.00 | 2 | 2 | 0.00 | 0.00 |
| Science - Physics | 0 | 3 | 0 | 0 | 30 | 65 | 78.33 | 1 | 2 | 0.00 | 0.00 |
| History - Other | 0 | 3 | 0 | 0 | 30 | 63 | 89.33 | 1 | 3 | 0.00 | 0.00 |
| Religion | 1 | 1 | 0 | 0 | 25 | 62 | 88.50 | 1 | 2 | 0.00 | 0.00 |
| Fine Arts - Other | 1 | 1 | 0 | 0 | 25 | 30 | 67.00 | 1 | 1 | 0.00 | 0.00 |
| History - American | 1 | 1 | 0 | 0 | 25 | 48 | 60.00 | 2 | 2 | 0.00 | 0.00 |
| Science - Chemistry | 1 | 1 | 1 | 0 | 20 | 49 | 55.00 | 0 | 2 | 0.00 | 0.00 |
| Literature - British | 0 | 2 | 0 | 1 | 20 | 87 | 109.50 | 0 | 1 | 0.00 | 0.00 |
| Literature - American | 0 | 2 | 0 | 0 | 20 | 80 | 107.00 | 1 | 1 | 0.00 | 0.00 |
| Social Science | 1 | 0 | 0 | 0 | 15 | 42 | 42.00 | 1 | 1 | 0.00 | 0.00 |
| Philosophy | 0 | 1 | 0 | 0 | 10 | 88 | 88.00 | 0 | 1 | 0.00 | 0.00 |
| Other Academic | 0 | 1 | 0 | 0 | 10 | 106 | 106.00 | 0 | 1 | 0.00 | 0.00 |
| History - European | 0 | 1 | 0 | 0 | 10 | 79 | 79.00 | 0 | 1 | 0.00 | 0.00 |
| Fine Arts - Visual | 0 | 1 | 0 | 0 | 10 | 78 | 78.00 | 1 | 1 | 0.00 | 0.00 |
| Literature - European | 0 | 1 | 1 | 1 | 5 | 147 | 147.00 | 0 | 0 | 0.00 | 0.00 |
| Literature - World | 0 | 0 | 0 | 0 | 0 | 0.00 | 0 | 0 | 0.00 | 0.00 |